|
|
|
|
| LEADER |
01043cam a2200253 7i4500 |
| 001 |
0000030838 |
| 005 |
20230510090000.0 |
| 020 |
|
|
|a 9780826499752 (pbk.)
|
| 020 |
|
|
|a 0826499759 (pbk.)
|
| 090 |
0 |
0 |
|a TS171.4
|b .S64 2008
|
| 100 |
1 |
|
|a Spendlove, David
|
| 245 |
1 |
0 |
|a 100 ideas for teaching design and technology
|c David Spendlove.
|
| 246 |
3 |
|
|a Hundred ideas for teaching design and technology.
|
| 260 |
|
|
|a London
|a New York, NY:
|b Continuum,
|c 2008.
|
| 300 |
|
|
|a ix, 115 p.:
|b ill.;
|c 20 cm.
|
| 490 |
0 |
|
|a Continuum one hundreds series
|
| 504 |
|
|
|a Includes bibliographical references
|
| 650 |
|
0 |
|a Technolog --
|x Study and teaching (Elementary)
|
| 650 |
|
0 |
|a Technolog --
|x Study and teaching (Secondary)
|
| 650 |
|
0 |
|a Industrial design --
|x Study and teaching (Elementary)
|
| 650 |
|
0 |
|a Industrial design --
|x Study and teaching (Secondary)
|
| 997 |
|
|
|a Education & Social Sciences, Faculty
|b Early Chilhood Studies, Department
|
| 998 |
|
|
|a Preschool Education, Diploma
|
| 999 |
|
|
|a 0000039860
|b BOK
|c OPEN SHELF
|e 2nd Floor, Bestari Jaya
|